000 00563nam a2200193Ia 4500
005 20250508155701.0
008 008 250505s9999 xx 000 0 eng d
037 _aBooks to be hide in OPAC
040 _aFEDL
_beng
_cFEDL
041 _aeng
_2eng
084 _a370, UNE/O
_qFEDL
100 _aAkitek Atelier
_9767268
245 0 _aHige rise schools: Some administrative problems
245 0 _cAsian Regional Institute for School Building Research
260 _c1969
300 _a26p.
942 _cHB
_h370, UNE/O
999 _c1358783
_d1358783